000 00408nam a2200181Ia 4500
999 _c32276
_d32276
003 0100
005 20190219120001.0
008 130303s9999 xx 000 0 und d
040 _cARRUPELIB
050 _aBV4011.N683 1972
100 _aNouwen, Henri J.M
_96252
245 4 _aThe Wounded Healer
_bMinistry in Comtemporary Society
_cHenri J. M. Nouwen
260 _aNew York
_bImage books
_c1972
300 _axvi, 100p. ;
_c21cm.
942 0 0 _01
_2lcc
_cMONOGRAPH